Statistiques concernant Vainqueurs de la ligue des champions par année

Cliquez ici pour prendre le quiz!

Statistiques générales

  • Ce quiz a été pris 191 fois
  • Le résultat moyen est 58 sur 67

Statistiques - réponses

HINTRéponse% Correct
1956Real Madrid
99%
1957Real Madrid
99%
2018Real Madrid
99%
2017Real Madrid
99%
2016Real Madrid
99%
2014Real Madrid
99%
2002Real Madrid
99%
2000Real Madrid
99%
1998Real Madrid
99%
2022Real Madrid
99%
1966Real Madrid
99%
1960Real Madrid
99%
1958Real Madrid
99%
1959Real Madrid
99%
2006Barcelone
93%
2009Barcelone
93%
2011Barcelone
93%
2015Barcelone
93%
1992Barcelone
93%
1968Manchester United
93%
2008Manchester United
93%
1999Manchester United
93%
1975Bayern Munich
92%
2001Bayern Munich
92%
1974Bayern Munich
92%
2013Bayern Munich
92%
1976Bayern Munich
92%
2020Bayern Munich
92%
1981Liverpool
92%
2019Liverpool
92%
1984Liverpool
92%
1978Liverpool
92%
1977Liverpool
92%
2005Liverpool
92%
2007AC Milan
91%
2003Ac Milan
91%
1963AC Milan
91%
1994AC Milan
91%
1989AC Milan
91%
1969AC Milan
91%
1990AC Milan
91%
1965Inter Milan
91%
1964Inter Milan
91%
2010Inter Milan
91%
2021Chelsea
90%
2012Chelsea
90%
1993Marseille
89%
1985Juventus
82%
1996Juventus
82%
1995Ajax
79%
1971Ajax
79%
1972Ajax
79%
1973Ajax
79%
2004Porto
79%
1987Porto
79%
1961Benfica
77%
1962Benfica
77%
1997Dortmund
77%
1980Nottingham Forest
69%
1979Nottingham Forest
69%
1991Etoile Rouge De Belgrade
62%
1982Aston Villa
56%
1988PSV
56%
1967Celtic
48%
1983Hamburg
47%
1970Feyenoord
46%
1986Bucarest
37%

Distribution des résultats

Percentile par nombre de réponses

% des personnes avec chaque résultat

Votre développement - résultats

Vous n’avez pas pris ce quiz